LEADER 01465nam a2200313 i 4500 001 000000137493 003 CaOOAMICUS 005 20050421000000.0 008 050421s2005 it u000 u eng u 013 $a111268 020 $a90-429-1517-X 040 $aSeMil$bita 100 1 $aLukken, Gerard M.,$d<1933- >.$0(OLS)http://semarc/name/19863 245 10$aRituals in abundance :$bcritical reflecions on the place, form and identity of christian ritual in our culture /$cGerard Lukken. 260 $aLeuven ; Dudley (Ma) :$bPeeters,$ccopyr. 2005. 300 $aX , 644 p. ;$c25 cm. 490 0 $aLiturgia condenda ;$v17 500 $aContiene : Bibliography ; Index of subjects. 650 4$aRituale.$0(OLS)http://semarc/subject/27027 650 4$aRituali - Storia.$0(OLS)http://semarc/subject/27028 650 4$aRituale cristiano.$0(OLS)http://semarc/subject/19013 650 4$aRitualismo.$0(OLS)http://semarc/subject/27029 830 0$aLiturgia condenda ;$v17.$0(OLS)http://semarc/title/10414 850 $aSeMil 852 $aSeMil$W1$xVenegono$y1$m3K VI 312$j91038$B91038$CSeMilBibl$Z2$F96408 $81 961 $aAcquisto: Peeters 996 $6020$a90-429-1517-X$9(OLS)http://semarc/number/125225 996 $6245$aRituals in abundance :$bcritical reflecions on the place, form and identity of christian ritual in our culture$9(OLS)http://semarc/title/200897 996 $6260$aLeuven ; Dudley (Ma) :$bPeeters$9(OLS)http://semarc/publisher/47068 LEADER 00948nam a2200241 i 4500 001 000000080948 003 CaOOAMICUS 005 20180404000000.0 008 180404s1958 it u000 u ita u 013 $a53186 040 $aSeMil$bita 100 1 $aBernanos, Georges,$d<1888-1948>.$0(OLS)http://semarc/name/9030 245 10$aDialoghi delle carmelitane /$cGeorges Bernanos. 260 $aBrescia :$bMorcelliana,$c1958. 300 $a196 p. ;$c22 cm. 490 0 $aConfidenziali : candidior interius 650 4$aTeatro contemporaneo - Testi.$0(OLS)http://semarc/subject/16044 830 0$aConfidenziali.$0(OLS)http://semarc/title/20003 850 $aSeMil 852 $aSeMil$W1$xVenegono$y1$m1S III 75/B$j46302$B46302$CSeMilBibl$Z2$F48545 $81 961 $aRecupero: Seminario di Seveso 996 $6245$aDialoghi delle carmelitane$9(OLS)http://semarc/title/48655 996 $6260$aBrescia :$bMorcelliana$9(OLS)http://semarc/publisher/29629